Представление документа в формате RUSMARC

ПолеНазваниеЗначение
  Тип записи a
  Библиографический уровень c
001 Контрольный номер RU/IS/BASE/506622846
005 Дата корректировки 20201206205002.7
010 Индекс ISBN __
a ISBN 978-5-17-081778-8 (в пер.)
d Цена 312-40
100 Данные общей обработки __
a Данные общей обработки 19160120d2015||||||| 0rusy0189 ca
101 Язык документа 1_
a Язык текста rus
c Язык оригинала eng
102 Страна публикации __
a Страна публикации ru|
105 Кодированные данные (монография) __
a Кодированные данные (монография) #|||||||000zy
200 Заглавие и сведения об ответственности 1_
a Заглавие Заводной апельсин ; Семя желания
e Сведения, относящиеся к заглавию [романы : 16+]
f Первые сведения об ответственности Энтони Бёрджесс ; [перевод с английского: В. Бошняка, А. А. Комаринец]
b Общее обозначение материала Текст
210 Выходные данные __
a Место издания Москва
c Издательство АСТ
d Дата издания 2015
215 Физическое описание __
a Объем 478, [1] с.
d Формат 21 см
225 Серия __
a Серия XX век - The Best
300 Общие примечания __
a Общие примечания 3000 экз.
327 Примечание о содержании __
a Примечание о содержании Семя желания
330 Аннотация __
a Аннотация Два гениальных произведения, сравнимые по уровню, стилю и воздействию на читательское сознание разве что с "1984" Джорджа Оруэлла и "О дивный новый мир" Олдоса Хаксли. "Заводной апельсин" - литературный парадокс XX столетия, роман, признанный классикой современной литературы. "Семя желания" - антиутопия, в которой Бёрджесс описывает недалекое будущее и ставит перед читателем извечный вопрос: возможно ли сделать идеальным мир, где живут неидеальные люди?
333 Примечание о целевом назначении __
a Примечание о целевом назначении 16+. Для детей старше 16 лет
517 Другие варианты заглавия __
a Другие варианты заглавия Семя желания
606 Тематические рубрики __
a Основная рубрика Художественная литература
606 Тематические рубрики __
a Основная рубрика Литература Европы (произведения)
y Географическая подрубрика Англия
y Географическая подрубрика Великобритания
610 Ключевые слова __
a Ключевые слова английская литература
a Ключевые слова антиутопии
a Ключевые слова европейская литература
a Ключевые слова зарубежная литература
a Ключевые слова иностранная литература
a Ключевые слова романы
a Ключевые слова тема антигероев
a Ключевые слова тема бандитизма
a Ключевые слова тема бандитов
a Ключевые слова тема воли
a Ключевые слова тема жертвы
a Ключевые слова тема зла
a Ключевые слова тема молодых
a Ключевые слова тема наказания
a Ключевые слова тема насилия
a Ключевые слова тема перевоспитания
a Ключевые слова тема подростков
a Ключевые слова тема преступников
a Ключевые слова тема свободомыслия
a Ключевые слова тема свободы
a Ключевые слова тема человека
a Ключевые слова фантастика
686 Индексы других классификаций __
2 Код системы rubbks
a Классификационный индекс 84(4Вел)6-445; ст84(4Вел)-4
700 Автор _1
a Фамилия Берджесс
b Имя Э.
f Даты 1917-1993
g Полное личное имя Энтони
4 Код отношения 070
702 Вторичная интеллектуальная ответственность _1
a Фамилия Бошняк
b Имя В. Б.
4 Код отношения Переводчик
4 Код отношения 730
702 Вторичная интеллектуальная ответственность _1
a Фамилия Комаринец
b Имя А. А.
4 Код отношения Переводчик
4 Код отношения 730
801 Источник записи _0
a Страна ru
b Организация Муниципальное бюджетное учреждение культуры "Централизованная библиотечная система" г. Сургут (Центральная городская библиотека им. А. С. Пушкина)
c Дата составления 20160120
g Правила каталогизации КиК/Апакова
801 Источник записи _1
a Страна ru
b Организация Муниципальное бюджетное учреждение культуры "Централизованная библиотечная система" г. Сургут (Центральная городская библиотека им. А. С. Пушкина)
c Дата составления 20160120
g Правила каталогизации КиК/Апакова
852 Данные о местонахождении __
j Шифр хранения 84(4Вел)6-445
i Авторский знак Б 48
901 Тип документа __
t Тип документа x
903 Характеристики (МАРС) __
a Дата передачи 20160120
969 Тип издания __
a Тип издания сборник
990 Данные о заказе (DOS) __
j Количество экземпляров (DOS) 7
t N записи в КСУ для И/У (DOS) 201602